LDR 00909naa#a2200193#i#450# 001 RU\\bibl\119326 005 20260418151218.6 011 ## _a2782-4586 100 ## _a20260331b2026####ek#y0rusy0150####ca 102 ## _aRU 200 1# _aИспользование искусственного интеллекта в бухгалтерском учете: оценка трансформационного воздействия _eЖурнальная статья 210 1# _aМосква _cУниверситет ИТБО _d2026 215 ## _a9 с. 608 ## _aЖурнальная статья _2local 675 ## _aЭкономические науки в целом. Политическая экономия. 330 _z 700 #1 _aВандина _gОльга Георгиевна 700 #1 _aОбухова _gНаталья Игоревна 700 #1 _aСнегирева _gНаталья Вадимовна 856 4# _azhpi.ru _u